<?xml version="1.0" encoding="UTF-8" ?>
<collection xmlns="http://www.loc.gov/MARC21/slim"><record><leader>01522nam a2200325 c 4500</leader><controlfield tag="001">47536</controlfield><controlfield tag="003">CH-000273-5</controlfield><controlfield tag="005">20180622084102.0</controlfield><datafield tag="035" ind1=" " ind2=" "><subfield code="a">(OCoLC)906901544</subfield></datafield><datafield tag="040" ind1=" " ind2=" "><subfield code="a">CH-000273-5</subfield><subfield code="b">ger</subfield><subfield code="e">rda</subfield></datafield><datafield tag="041" ind1=" " ind2=" "><subfield code="a">ger</subfield></datafield><datafield tag="245" ind1="0" ind2="0"><subfield code="a">Südsee-Plastiken</subfield><subfield code="b">Ausstellung: Mai 1926, Galerie Flechtheim, Lützwufer 13, in Berlin, Juni 1926, Zürcher Kunsthaus in Zürich, August 1926, Galerie Flechtheim Koenigsallee 34, in Düsseldorf</subfield></datafield><datafield tag="264" ind1="0" ind2="1"><subfield code="a">Berlin</subfield><subfield code="b">Das Kunstarchiv Verlag G.M.B.H.</subfield><subfield code="c">1926</subfield></datafield><datafield tag="300" ind1=" " ind2=" "><subfield code="a">54 Seiten</subfield><subfield code="b">Illustrationen, schwarz-weiss</subfield><subfield code="c">23 cm</subfield></datafield><datafield tag="336" ind1=" " ind2=" "><subfield code="a">Text</subfield><subfield code="b">txt</subfield><subfield code="2">rdacontent</subfield></datafield><datafield tag="336" ind1=" " ind2=" "><subfield code="a">unbewegtes Bild</subfield><subfield code="b">sti</subfield><subfield code="2">rdacontent</subfield></datafield><datafield tag="337" ind1=" " ind2=" "><subfield code="a">ohne Hilfsmittel zu benutzen</subfield><subfield code="b">n</subfield><subfield code="2">rdamedia</subfield></datafield><datafield tag="338" ind1=" " ind2=" "><subfield code="a">Band</subfield><subfield code="b">nc</subfield><subfield code="2">rdacarrier</subfield></datafield><datafield tag="490" ind1="1" ind2="0"><subfield code="a">Veröffentlichungen des Kunstarchivs</subfield><subfield code="v">Nr.5</subfield></datafield><datafield tag="651" ind1="0" ind2="7"><subfield code="a">Papua-Neuguinea</subfield><subfield code="x">Plastik</subfield><subfield code="2">gnd</subfield></datafield><datafield tag="655" ind1="0" ind2="7"><subfield code="a">Ausstellungskatalog</subfield><subfield code="x">Galerie Flechtheim</subfield><subfield code="y">05.1926</subfield><subfield code="z">Berlin</subfield><subfield code="2">gnd-content</subfield></datafield><datafield tag="655" ind1="0" ind2="7"><subfield code="a">Ausstellungskatalog</subfield><subfield code="x">Kunsthaus Zürich</subfield><subfield code="y">06.1926</subfield><subfield code="z">Berlin</subfield><subfield code="2">gnd-content</subfield></datafield><datafield tag="655" ind1="0" ind2="7"><subfield code="a">Ausstellungskatalog</subfield><subfield code="x">Galerie Flechtheim</subfield><subfield code="y">08.1926</subfield><subfield code="z">Düsseldorf</subfield><subfield code="2">gnd-content</subfield></datafield><datafield tag="655" ind1="0" ind2="7"><subfield code="a">Bildband</subfield><subfield code="2">gnd-content</subfield></datafield><datafield tag="710" ind1="2" ind2="0"><subfield code="0">(DE-588)26327-8</subfield><subfield code="a">Galerie Flechtheim</subfield><subfield code="e">Veranstalter</subfield><subfield code="4">orm</subfield></datafield><datafield tag="710" ind1="2" ind2="0"><subfield code="0">(DE-588)2016862-7</subfield><subfield code="a">Kunsthaus Zürich</subfield><subfield code="e">Veranstalter</subfield><subfield code="4">orm</subfield></datafield><datafield tag="810" ind1="2" ind2="0"><subfield code="a">Kunstarchiv</subfield><subfield code="g">Berlin</subfield><subfield code="t">Veröffentlichungen des Kunstarchivs</subfield><subfield code="v">Nr. 5</subfield></datafield><datafield tag="810" ind1="2" ind2="0"><subfield code="w">(CH-000273-5)12617</subfield></datafield><datafield tag="852" ind1="4" ind2="0"><subfield code="a">CH-000273-5</subfield><subfield code="c">a3/Z 80:192605</subfield></datafield><datafield tag="856" ind1="4" ind2="1"><subfield code="u">https://digital.kunsthaus.ch:443/viewer/image/47536/1/</subfield><subfield code="y">Kunsthaus Zürich Sammlungen online</subfield></datafield></record></collection>